Préfectures et sous-préfectures d'Ile de France - Mort subite - Statistiques

Statistiques générales
  • Ce quiz a été pris 84 fois
  • Le résultat moyen est 9 sur 24
Answers on the Grid
Answers color-coded by a green-red scale on the quiz's grid according to % correct below.
Paris
Antony
Saint Maur des Fossés
Noisy le Grand
Saint-Denis
L'Haÿ les Roses
Chelles
Evry-Courcouronnes
Clamart
Etampes
Montreuil
Palaiseau
Nemours
Nanterre
Colombes
Versailles
Issy les Moulineaux
Rambouillet
Saint Germain en Laye
Dreux
Argenteuil
Créteil
Melun
Montereau Fault Yonne
Meaux
Torcy
Fontainebleau
Château Thierry
Corbeil-Essonnes
Massy
Le Raincy
Aulnay sous Bois
Bobigny
Vitry sur Seine
Champigny sur Marne
Poissy
Mantes la Jolie
Sartrouville
Montmorency
Cergy-Pontoise
Goussainville
Savigny le Temple
Dourdan
Sarcelles
Trappes
Creil
Ermont
Nogent sur Marne
Champs sur Marne
Boulogne-Billancourt
 
Statistiques - réponses
Réponse % Correct
Paris
93%
Antony
59%
Saint-Denis
57%
Evry-Courcouronnes
55%
Versailles
55%
Nanterre
52%
Créteil
48%
Melun
41%
Bobigny
39%
Rambouillet
39%
Boulogne-Billancourt
36%
L'Haÿ les Roses
36%
Saint Germain en Laye
34%
Cergy-Pontoise
32%
Meaux
32%
Etampes
30%
Argenteuil
27%
Fontainebleau
23%
Le Raincy
23%
Mantes la Jolie
20%
Torcy
20%
Palaiseau
16%
Sarcelles
16%
Nogent sur Marne
14%
Aucun quiz correspondant
Distribution des résultats
% des personnes avec chaque résultat
Percentile par nombre de réponses
Votre historique - résultats
Vous n’avez pas pris ce quiz